Logo BPK

Biblioteka

Politechniki Koszalińskiej

Little women / (Rekord nr 48442)

Szczegóły MARC
000 -ETYKIETA REKORDU
podpole kontrolne o stałej długości 00668nam a2200217 i 4500
001 - NUMER KONTROLNY REKORDU
pole kontrolne bgj
040 ## - ŹRÓDŁO KATALOGOWANIA
Instytucja, która utworzyła rekord BPK
041 0# - KOD JĘZYKA
Kod języka tekstu eng
008 - POLE O STAŁEJ DŁUGOŚCI - DANE KONTROLNE
podpole kontrolne o stałej długości s uk f |000 0 eng
100 1# - NAZWA OSOBOWA
Nazwa osobowa ALCOTT MAY, Louisa
Daty związane z nazwą (1832-1888)
245 10 - TYTUŁ/ODPOWIEDZIALNOŚĆ
Tytuł Little women /
Pozostałe elementy strefy tytułu i oznaczenia odpowiedzialności by Louisa May Alcott ; illustrated by Frances Brundage.
260 ## - STREFA ADRESU WYDAWNICZEGO
Miejsce wydania Akron, Ohio ;
-- New York :
Nazwa wydawcy/dystrybutora The Saalfield Publishing Company,
Data publikacji, dystrybucji/powstania dokumentu 1926?.
300 ## - STREFA OPISU FIZYCZNEGO
Objętość 630 pp :
Inne cechy fizyczne drawings ;
Rozmiary 21 cm.
610 29 - HASŁO PRZEDMIOTOWE W FORMIE NAZWY CIAŁA ZBIOROWEGO
Nazwa ciała zbiorowego lub nazwa geograficzna Mothers and daughters
610 29 - HASŁO PRZEDMIOTOWE W FORMIE NAZWY CIAŁA ZBIOROWEGO
Nazwa ciała zbiorowego lub nazwa geograficzna Young women
610 29 - HASŁO PRZEDMIOTOWE W FORMIE NAZWY CIAŁA ZBIOROWEGO
Nazwa ciała zbiorowego lub nazwa geograficzna Sisters
655 ## - TERMIN INDEKSOWY - OKREŚLENIE RODZAJU/FORMY DOKUMENTU
Określenie rodzaju/formy dokumentu American fiction
Określnik chronologiczny 19th century
655 ## - TERMIN INDEKSOWY - OKREŚLENIE RODZAJU/FORMY DOKUMENTU
Określenie rodzaju/formy dokumentu Autobiographical fiction
700 1# - HASŁO DODATKOWE - NAZWA OSOBOWA
Nazwa osobowa BRUNDAGE, Frances.
Określenie związku między hasłem a opisywanym materiałem ill.
856 ## - LOKALIZACJA I DOSTĘP DO ELEKTRONICZNYCH DOKUMENTÓW ZDALNYCH
Link (URL) http://koha.tu.koszalin.pl/cgi-bin/koha/opac-detail.pl?biblionumber=48442
Tekst linku Katalog online BPK
942 ## - DODATKOWE ELEMENTY (KOHA)
Typ dokumentu Książka
Egzemplarze
Wycofany Status egzemplarza Uszkodzony Dostępność Lokalizacja stała Lokalizacja bieżąca Miejsce przechowywania Sygnatura Kod kreskowy Typ dokumentu
      Dostępny Biblioteka Politechniki Koszalińskiej Biblioteka Politechniki Koszalińskiej Wypożyczalnia Językowa KA 5698 09056299 Książka
© 2023 Biblioteka Politechniki Koszalińskiej :: KOHA